Fifa 21 Top 25 Left-Backs - Statistics

General Stats
  • This quiz has been taken 62 times
  • The average score is 15 of 25
Answer Stats
Rating Club Player % Correct
87 Liverpool Andrew Robertson
100%
86 FC Barcelona Jordi Alba
96%
85 Piemonte Calcio Alex Sandro
86%
83 Real Madrid Marcelo
84%
81 Bayern Munich Alphonso Davies
82%
81 Manchester United Luke Shaw
82%
81 Manchester City Benjamin Mendy
80%
83 Real Madrid Ferland Mendy
80%
84 Everton Lucas Digne
71%
84 Ajax Nicolas Tagliafico
67%
84 Manchester United Alex Telles
61%
83 PSG Juan Bernat
61%
84 SL Benfica Alejandro Grimaldo
57%
81 Chelsea Ben Chilwell
57%
81 Chelsea Marcos Alonso
55%
83 Sevilla FC Marcos Acuna
53%
83 Valencia CF Jose Gaya
51%
82 Tottenham Hotspur Sergio Reguilon
47%
83 Athletic Bilbao Yuri Berchiche
43%
81 Atletico Madrid Renan Lodi
41%
82 RB Leipzig Marcel Halstenberg
35%
82 Inter Milan Aleksandr Kolarov
29%
81 Shakhtar Donetsk Ismaily
24%
81 Wolves Jonny
24%
80 Sevilla FC Sergio Escudero
14%
No matching quizzes found
Score Distribution
Percent of People with Each Score
Percentile by Number Answered
Your Score History
You have not taken this quiz